<?xml version="1.0" encoding="UTF-8"?><?xml-stylesheet type="text/xsl" href="static/style.xsl"?><OAI-PMH xmlns="http://www.openarchives.org/OAI/2.0/" xmlns:xsi="http://www.w3.org/2001/XMLSchema-instance" xsi:schemaLocation="http://www.openarchives.org/OAI/2.0/ http://www.openarchives.org/OAI/2.0/OAI-PMH.xsd"><responseDate>2026-04-27T21:51:40Z</responseDate><request verb="GetRecord" identifier="oai:uvadoc.uva.es:10324/65281" metadataPrefix="marc">https://uvadoc.uva.es/oai/request</request><GetRecord><record><header><identifier>oai:uvadoc.uva.es:10324/65281</identifier><datestamp>2024-10-17T13:16:09Z</datestamp><setSpec>com_10324_1148</setSpec><setSpec>com_10324_931</setSpec><setSpec>com_10324_894</setSpec><setSpec>col_10324_1270</setSpec></header><metadata><record xmlns="http://www.loc.gov/MARC21/slim" xmlns:doc="http://www.lyncode.com/xoai" xmlns:xsi="http://www.w3.org/2001/XMLSchema-instance" xmlns:dcterms="http://purl.org/dc/terms/" xsi:schemaLocation="http://www.loc.gov/MARC21/slim http://www.loc.gov/standards/marcxml/schema/MARC21slim.xsd">
<leader>00925njm 22002777a 4500</leader>
<datafield tag="042" ind1=" " ind2=" ">
<subfield code="a">dc</subfield>
</datafield>
<datafield tag="720" ind1=" " ind2=" ">
<subfield code="a">Quilez del Moral, José F.</subfield>
<subfield code="e">author</subfield>
</datafield>
<datafield tag="720" ind1=" " ind2=" ">
<subfield code="a">Domingo, Victoriano</subfield>
<subfield code="e">author</subfield>
</datafield>
<datafield tag="720" ind1=" " ind2=" ">
<subfield code="a">Pérez, Álvaro</subfield>
<subfield code="e">author</subfield>
</datafield>
<datafield tag="720" ind1=" " ind2=" ">
<subfield code="a">Martínez Andrade, Kevin A.</subfield>
<subfield code="e">author</subfield>
</datafield>
<datafield tag="720" ind1=" " ind2=" ">
<subfield code="a">López-Pérez, José Luis</subfield>
<subfield code="e">author</subfield>
</datafield>
<datafield tag="720" ind1=" " ind2=" ">
<subfield code="a">Barrero, Alejandro F.</subfield>
<subfield code="e">author</subfield>
</datafield>
<datafield tag="720" ind1=" " ind2=" ">
<subfield code="a">Enríquez Giraudo, María Lourdes</subfield>
<subfield code="e">author</subfield>
</datafield>
<datafield tag="720" ind1=" " ind2=" ">
<subfield code="a">Jaraíz Maldonado, Martín</subfield>
<subfield code="e">author</subfield>
</datafield>
<datafield tag="260" ind1=" " ind2=" ">
<subfield code="c">2019</subfield>
</datafield>
<datafield tag="520" ind1=" " ind2=" ">
<subfield code="a">We have developed and rationalized a biomimetic transformation mimicking halimane synthases based on a Lewis acid-catalyzed cascade of cyclizations and rearrangements of epoxypolyprenes. Two rings, three stereogenic centers, and a new double bond were generated in a single chemical operation. Based on this cascade transformation, we achieved a unified strategy toward the stereoselective total syntheses of halimene-type terpenoids and analogues as a proof-of-concept study. This method has been applied to the rapid synthesis of diterpene isotuberculosinol, a virulence factor of Mycobacterium tuberculosis as a representative example.</subfield>
</datafield>
<datafield tag="024" ind2=" " ind1="8">
<subfield code="a">J. Org. Chem. 2019, 84, 21, 13764–13779</subfield>
</datafield>
<datafield tag="024" ind2=" " ind1="8">
<subfield code="a">0022-3263</subfield>
</datafield>
<datafield tag="024" ind2=" " ind1="8">
<subfield code="a">https://uvadoc.uva.es/handle/10324/65281</subfield>
</datafield>
<datafield tag="024" ind2=" " ind1="8">
<subfield code="a">10.1021/acs.joc.9b01996</subfield>
</datafield>
<datafield tag="024" ind2=" " ind1="8">
<subfield code="a">13764</subfield>
</datafield>
<datafield tag="024" ind2=" " ind1="8">
<subfield code="a">21</subfield>
</datafield>
<datafield tag="024" ind2=" " ind1="8">
<subfield code="a">13779</subfield>
</datafield>
<datafield tag="024" ind2=" " ind1="8">
<subfield code="a">The Journal of Organic Chemistry</subfield>
</datafield>
<datafield tag="024" ind2=" " ind1="8">
<subfield code="a">84</subfield>
</datafield>
<datafield tag="024" ind2=" " ind1="8">
<subfield code="a">1520-6904</subfield>
</datafield>
<datafield tag="245" ind1="0" ind2="0">
<subfield code="a">Mimicking Halimane Synthases: Monitoring a Cascade of Cyclizations and Rearrangements from Epoxypolyprenes</subfield>
</datafield>
</record></metadata></record></GetRecord></OAI-PMH>